000 00870cam a2200313Ka 4500
001 73695
005 20230411085725.0
008 970131s1996 fr 000 0 fre d
035 _a(OCoLC)ocm36303794
040 _aSRT
_bfre
_cSRT
_dOCLCQ
_dLVB
020 _a2724607023
020 _a9782724607024
029 1 _aZWZ
_b004106954
035 _a(OCoLC)36303794
082 0 4 _a307.74
_bREY
049 _aGRAL
050 1 4 _aR456p 1996
100 1 _aRey, Henri
245 1 3 _aLa Peur des banlieues /
_cHenri Rey.
260 _a[Paris] :
_bPresses de la fondation nationale des sciences politiques,
_cc1996.
300 _a153 p. ;
_c22 cm.
440 0 _aBibliotháeque du citoyen
504 _aBibliogr.
650 7 _aSécurité urbaine
_zFrance.
_2ram
650 6 _aSécurité urbaine
_zFrance.
942 _2lcc
_cbk
946 _amfcruz
994 _aC0
_bDRFGD
999 _c106475
_d106475